000 00388nam a2200145Ia 4500
008 231129s1998||||xx |||||||||||||| ||spa||
020 _a958-30-0523-1
040 _bspa
082 _a(i) Co863.44 D111t
100 _aDa Coll Ivar
245 0 _aTengo miedo: historias de Eusebio II
260 _c1998
264 _aPanamericana
942 _2ddc
_cBKS
999 _c25179
_d25179